| 000 | 00961nam a2200241 i 4500 | ||
|---|---|---|---|
| 001 | 188480 | ||
| 003 | SpMaBN | ||
| 005 | 20250907063138.0 | ||
| 008 | 181127s2004 sp b |||| | spa d | ||
| 020 | _a84-206-5803-0 | ||
| 080 | _a913(47+57) | ||
| 100 | 1 |
_aLópez-Seivane, Francisco, _d1945- _973976 |
|
| 245 | 1 | 0 |
_aViaje al silencio _b: aventuras y desventuras de un viajero del siglo XXI por los remotos y olvidados caminos de Asia Central / _cFrancisco López-Seivane. |
| 246 | 3 | 4 | _aViaje al silencio por los caminos del Asia Central |
| 260 |
_aMadrid : _bAlianza Editorial, _c[2004] |
||
| 300 |
_a334 p. : _bmapas ; _c18 cm. |
||
| 490 | 1 |
_aEl libro de bolsillo. _aViajes ; _v5942 |
|
| 651 | 7 |
_aPaíses de la antigua URSS- _xDescripción. _9165629 |
|
| 830 | 0 |
_aEl libro de bolsillo. _aViajes ; _v5942 _9225700 |
|
| 852 |
_aES-MaACL _jA-14286 _9195610 _bR.151619 _cDEPO1 _dOlim: N-7286 |
||
| 942 |
_2udc _cMONOGRAFIA |
||
| 999 |
_c188480 _d188480 |
||